Proyecto de ley sobre la uniformidad y reforma del sistema métrico y monetario de España : (Record no. 167054)

MARC details
000 -LEADER
campo de control de longitud fija 01326nam a2200265 i 4500
001 - NÚMERO DE CONTROL
campo de control 167054
003 - IDENTIFICADOR DE NÚMERO DE CONTROL
campo de control ES-MaACL
005 - FECHA Y HORA DE LA ÚLTIMA TRANSACCIÓN
campo de control 20250603183443.0
008 - DATOS DE LONGITUD FIJA--INFORMACIÓN GENERAL
campo de control de longitud fija 990120s1847 sp l |||| | spa d
080 ## - NÚMERO DE LA CLASIFICACIÓN DECIMAL UNIVERSAL
Número de la Clasificación Decimal Universal 351.821(460)
080 ## - NÚMERO DE LA CLASIFICACIÓN DECIMAL UNIVERSAL
Número de la Clasificación Decimal Universal 347.743(460)
100 1# - ENTRADA PRINCIPAL--NOMBRE DE PERSONA
Nombre de persona Vázquez Queipo, Vicente,
Fechas asociadas al nombre 1804-1893
9 (RLIN) 113475
245 10 - MENCIÓN DEL TÍTULO
Título Proyecto de ley sobre la uniformidad y reforma del sistema métrico y monetario de España :
Resto del título redactado en virtud de Real Orden de 22 de abril de 1838, y precedido de algunas reflexiones acerca de la actual crisis monetaria /
Mención de responsabilidad, etc. por Don Vicente Vázquez Queipo.
260 ## - PUBLICACIÓN, DISTRIBUCIÓN, ETC.
Lugar de publicación, distribución, etc. Madrid :
Nombre del editor, distribuidor, etc. [s.n.],
Fecha de publicación, distribución, etc. 1847 (
Fabricante Imp. de J. Martín Alegría)
300 ## - DESCRIPCIÓN FÍSICA
Extensión 95 p. ;
Dimensiones 21 cm.
530 ## - NOTA DISPONIBLE DE FORMULARIO FÍSICO ADICIONAL
Nota de formato físico adicional disponible Disponible en formato digital.
650 #4 - PUNTO DE ACCESO ADICIONAL DE MATERIA--TÉRMINO DE MATERIA
Término de materia o nombre geográfico como elemento de entrada Pesos y medidas-
Subdivisión geográfica España-
Subdivisión cronológica S.XIX.
9 (RLIN) 15986
650 #4 - PUNTO DE ACCESO ADICIONAL DE MATERIA--TÉRMINO DE MATERIA
Término de materia o nombre geográfico como elemento de entrada Moneda-
Subdivisión geográfica España-
Subdivisión cronológica S.XIX.
9 (RLIN) 166453
651 #4 - PUNTO DE ACCESO ADICIONAL DE MATERIA--NOMBRE GEOGRÁFICO
Nombre geográfico España-
Subdivisión general Política monetaria-
Subdivisión cronológica S.XIX
9 (RLIN) 8438
700 1# - ENTRADA AGREGADA--NOMBRE PERSONAL
Nombre de persona Vázquez Queipo, Vicente,
Fechas asociadas al nombre 1804-1893
9 (RLIN) 113475
852 4# - LOCALIZACIÓN
Ubicación ES-MaACL
Número de control de estantería T-140-F-2
Nota libre - Enc. hol.
-- - Enc. en un vol. facticio
-- - Dedicatoria ms. del autor a Manuel García Gallardo
852 4# - LOCALIZACIÓN
Ubicación ES-MaACL
Número de control de estantería T-33-F-3
Nota libre - Enc. hol.
-- - Enc. en un vol. facticio
856 4# - LOCALIZACIÓN Y ACCESO ELECTRÓNICOS
Identificador Uniforme de Recursos <a href="http://bdh-rd.bne.es/viewer.vm?id=0000040603&page=1 ">http://bdh-rd.bne.es/viewer.vm?id=0000040603&page=1 </a>
Nota pública Biblioteca Digital Hispánica
Holdings
Estatus retirado Estado de pérdida Estado de daño No para préstamo Colección Biblioteca de origen Biblioteca actual Ubicación en estantería Fecha de adquisición Total de préstamos Signatura topográfica completa Código de barras Visto por última vez Precio de reemplazo Tipo de ítem Koha
        Colección de folletos Biblioteca del Ateneo de Madrid Biblioteca del Ateneo de Madrid Depósito folletos 17/01/2008   T-33-F-3 1175237 23/02/2023 23/02/2023 Folleto
        Colección de folletos Biblioteca del Ateneo de Madrid Biblioteca del Ateneo de Madrid Depósito folletos 17/01/2008   T-140-F-2 1175236 23/02/2023 23/02/2023 Folleto